| 000 | 01185nam a22002777a 4500 | ||
|---|---|---|---|
| 999 |
_c7629 _d7629 |
||
| 005 | 20200121073602.0 | ||
| 008 | 130828b2012 ck ||||g ||||a00| 0 spa d | ||
| 040 |
_aCO-BoIAVH _cCO-BoIAVH |
||
| 041 | _aspa | ||
| 044 | _ack | ||
| 082 |
_a633.851 _bF29a2012 |
||
| 110 | _aFederación Nacional de Cultivadores de Palma de Aceite, Fedepalma (Colombia). | ||
| 245 | 1 | _aAnuario estadístico 2012 : La agroindustria de la palma de aceite en Colombia y en el mundo 2007-2011 | |
| 246 | _aStatistical Yearbook 2011 : The Oil Palm Agroindustry in Colombia and the World 2007-2011 | ||
| 260 |
_aBogotá _bFedepalma _c2012 |
||
| 300 |
_a170 p. _bil., mapas, tablas, gráficas _c28 cm. |
||
| 490 |
_aAnuario estadístico, Fedepalma _v2012 |
||
| 505 | _aContiene las cifras más importantes de la agroindustria de la palma de aceite en Colombia y el mundo en el período 2007-2011 | ||
| 650 | _aAnuario | ||
| 650 | _aPalma de aceite | ||
| 650 | _aAgroindustria | ||
| 650 | 6 |
_aPalma africana _xproducción _zColombia |
|
| 650 | 6 |
_aPalma africana _xeconomía _zColombia |
|
| 650 | 6 |
_aPalma africana _xcultivo _zColombia |
|
| 942 |
_2ddc _cImpreso _06 |
||